UM Logo
Normal view MARC view
  • O'hair, Mary John.

Entry Personal Name

Number of records used in: 1

001 - CONTROL NUMBER

  • control field: 53727

003 - CONTROL NUMBER IDENTIFIER

  • control field: OSt

005 - DATE AND TIME OF LATEST TRANSACTION

  • control field: 20240301094622.0

008 - FIXED-LENGTH DATA ELEMENTS

  • fixed length control field: 240301|| aca||aabn | a|a d

040 ## - CATALOGING SOURCE

  • Original cataloging agency: OSt
  • Transcribing agency: OSt

100 ## - HEADING--PERSONAL NAME

  • Personal name: O'hair, Mary John.
  • Relator term: author.

670 ## - SOURCE DATA FOUND

  • Source citation: Work cat.: (OSt): O'hair, H. Dan. 53726, Communication and catastrophic events :, ©2023.